| 000 | 03796nam a2200325Ia 4500 | ||
|---|---|---|---|
| 005 | 20171103104312.0 | ||
| 008 | 130821s1527 fr fr 1 0clatsd | ||
| 040 |
_aCo-BoUCM _bspa _cSandra Yazo _dSandra Yazo |
||
| 041 | 0 | _alat | |
| 082 | 0 | 4 |
_a270 _220 |
| 092 | _aE07N079 | ||
| 100 | 1 |
_aAntoninus _cSaint Archbishop of Florence _d1389-1459 _962602 |
|
| 242 | 0 | 0 |
_aParte primera [-tercera] de las Historias del Señor Antonino, Arzobispo de Florencia, condensadas en tres tomos y revisadas con cuidado y diligencia. Editadas hermosamente con tres índices y depuradas de muchos errores _yspa |
| 245 | 1 | 1 | _aPrima [-tertia] pars Historiarum Domini Antonini archipresulis florentini in tribus tomis discretarum: solertiorique studio recognitarum: cum triplici eiusdem indice luculentius edito: et a mendis quamplurimis expurgato |
| 246 | 2 | 8 | _aChronicon [Crónicas] |
| 260 |
_aLugduni [Lyon] (Francia) _bIndustria ... Jacobi Myt [por el trabado de Jacobo Myt] _c1527 |
||
| 300 |
_a2 volúmenes ([5], 173 ; [15], 241 folios) _c32 x 24 cm. |
||
| 500 | _aDetalles físicos: Sin la encuadernación original, actualmente encuadernación rígida (holandesa) en cartón duro forrado en papel jaspeado. Lomo de tela encolada con adornos en dorado. Guardas. V.1 sin portada, V.3 conserva la portada impresa en dos tintas con orla decorativa y grabado (San Jerónimo). Texto impreso en dos columnas densas, con caracteres góticos, varios tamaños de letra. Apostillas marginales. Mayúsculas capitales. Párrafos numerados. Márgenes amplios. Signaturas. Papel manchado que afecta gran parte de la obra. Varias anotaciones, subrayados entre el texto. Registro de cuadernillos y colofón al final de la obra. V.1 ejemplar mútilo faltan algunas páginas preliminares. Primer folio roto y manchado. V. 3: Al final versos con el epitafio de San Antonino. Colección incompleta. Falta el V.2. Datos de publicación tomados del colofón y confirmados con la edición en línea. Perteneció a la biblioteca de Fray Cristóbal de Torres | ||
| 505 | 2 | _aV.1: Títulos 1 al 8: Las primeras edades del mundo, Adán y Eva y su caída ; Hechos de Abraham ; Hechos de David ; El reinado de Nabucodonosor y otros hechos que siguieron ; Encarnación, vida y milagros de Cristo ; La Iglesias militante, cuerpo de Cristo ; El gobierno de Vespasiano, Diocleciano y Maximino -- V. 3: Títulos 18 al 24: Religiosos ilustres y sus escritos ; Papas y emperadores ; Otros papas ; Papas y emperadores, cismas y guerras de esos tiempos ; Origen y aprobación de la orden de Predicadores, Santos y expansión ; Origen y aprobación de la orden de los Frailes menores de San Francisco, Santos y Expansión ; Otros santos ; Orden de Ermitaños de San Agustín. | |
| 506 | _aConsulta en sala | ||
| 546 | _aTexto en latín | ||
| 650 | 7 |
_aHistoria _xAntigua _xObras anteriores a 1800 _97695 |
|
| 650 | 7 |
_aIglesia _xHistoria _xObras anteriores a 1800 _917130 |
|
| 650 | 7 |
_aOrdenes eclesiásticas antiguas _920825 |
|
| 690 |
_aIglesias _917149 |
||
| 856 | 4 | 1 |
_uhttp://books.google.com/books?id=hYOZCErlf9gC&printsec=frontcover&dq=historiarum+Domini+Antonini&hl=es&ei=yAnMTZ30CafX0QHHxaH1Bg&sa=X&oi=book_result&ct=result&resnum=8&ved=0CEoQ6AEwBw#v=onepage&q&f=false _zDisponible en línea V.1 |
| 856 | 4 | 1 |
_uhttp://books.google.com/books?id=ipO5Wjj26SgC&printsec=frontcover&dq=historiarum+Domini+Antonini&hl=es&ei=MgrMTeyxBq2y0QH6-azzBg&sa=X&oi=book_result&ct=result&resnum=6&ved=0CD8Q6AEwBQ#v=onepage&q&f=false _zDisponible en línea V.2 |
| 856 | 4 | 1 |
_zDisponible en línea V.3 _uhttp://books.google.com/books?id=hl8SBnEeH54C&printsec=frontcover&dq=historiarum+Domini+Antonini&hl=es&ei=FAnMTb7GIoLx0gHXvdXSBg&sa=X&oi=book_result&ct=result&resnum=9&ved=0CE8Q6AEwCA#v=onepage&q&f=false |
| 942 |
_cLIBRO _a21 _e1 _2LOCAL _hE07N079 |
||
| 999 |
_c72425 _d72425 |
||